Statistiques concernant Marvel- Principaux méchants

Cliquez ici pour prendre le quiz!

Statistiques générales

  • Ce quiz a été pris 514 fois
  • Le résultat moyen est 11 sur 23

Statistiques - réponses

FilmAntagoniste% Correct
Avengers: L'Ere d'UltronUltron
90%
AvengersLoki
86%
Avengers: Infinity WarThanos
85%
Avengers EndgameThanos
84%
Captain America: First AvengerCrâne Rouge
78%
Spider Man Far from homeMystério
70%
Thor: RagnarokHela
69%
Les Gardiens de la galaxieRonan
63%
Les Gardiens de la Galaxie Vol.2Ego
58%
L'Incroyable HulkAbomination
55%
Spider-Man HomecomingVautour
55%
Ant-ManYellow Jacket
49%
Iron Man 2Whiplash
42%
Thor: Le Monde des TénèbresMalekith
41%
Iron ManIron Monger
39%
Iron Man 3Le Mandarin
38%
Black PantherErik Killmonger
29%
ThorLaufey
26%
Captain America: Le Soldat de l'HiverAlexander Pierce
23%
Doctor StrangeKaecilius
23%
Captain America: Civil WarHelmut Zemo
22%
Ant-Man et la guêpeFantôme
19%
Captain MarvelKree Yon-Rogg
0%

Distribution des résultats

Percentile par nombre de réponses

% des personnes avec chaque résultat

Votre développement - résultats

Vous n’avez pas pris ce quiz